000 00366nam a2200145Ia 4500
008 230917s9999||||xx |||||||||||||| ||und||
040 _e255847
_aMAIN
041 _aEnglish
082 _a785 R137H
100 _aRajkumar
245 0 _aHaryana ke loksangeet mein lok geeton ki prampra aur uska badlta sawroop
260 _c2018
300 _a227 p.
942 _cTH
999 _c128376
_d128376